THE WATER BABIES and SELECTED POEM / (Record no. 187658)

MARC details
000 -LEADER
fixed length control field 00885nam a2200277 n 4500
003 - CONTROL NUMBER IDENTIFIER
control field OSt
005 - DATE AND TIME OF LATEST TRANSACTION
control field 20220405144630.0
008 - FIXED-LENGTH DATA ELEMENTS--GENERAL INFORMATION
fixed length control field 220405s18631954enka e 000 0 eng d
020 ## - INTERNATIONAL STANDARD BOOK NUMBER
Qualifying information hardback
040 ## - CATALOGING SOURCE
Original cataloging agency PPAK
Language of cataloging eng
Transcribing agency PPAK
Description conventions rda
082 04 - DEWEY DECIMAL CLASSIFICATION NUMBER
Edition number 23
Classification number 398
090 00 - LOCALLY ASSIGNED LC-TYPE CALL NUMBER (OCLC); LOCAL CALL NUMBER (RLIN)
Classification number (OCLC) (R) ; Classification number, CALL (RLIN) (NR) 398
Feature heading KIN
Feature heading KAO
100 1# - MAIN ENTRY--PERSONAL NAME
Personal name Kingsley, Charles,
Dates associated with a name 1819-1875
Relator term author.
245 10 - TITLE STATEMENT
Title THE WATER BABIES and SELECTED POEM /
Statement of responsibility, etc. CHARLES KINGSLEY ; With an Introduction by DAVID DAVIS ; Illustrated by JEAN CRUICKSHANKS
264 #1 - PRODUCTION, PUBLICATION, DISTRIBUTION, MANUFACTURE, AND COPYRIGHT NOTICE
Place of production, publication, distribution, manufacture London :
Name of producer, publisher, distributor, manufacturer Collins,
Date of production, publication, distribution, manufacture, or copyright notice 1954
Date of production, publication, distribution, manufacture, or copyright notice ©1863
300 ## - PHYSICAL DESCRIPTION
Extent 288 pages :
Other physical details illustrations ;
Dimensions 18 cm
336 ## - CONTENT TYPE
Source rdacontent
Content type term text
337 ## - MEDIA TYPE
Source rdamedia
Media type term unmediated
338 ## - CARRIER TYPE
Source rdacarrier
Carrier type term volume
504 ## - BIBLIOGRAPHY, ETC. NOTE
Bibliography, etc. note Includes bibliography pages : 287-288
650 10 - SUBJECT ADDED ENTRY--TOPICAL TERM
Topical term or geographic name entry element Fairy tales
700 1# - ADDED ENTRY--PERSONAL NAME
Personal name Davis, David,
Relator term author.
Personal name Cruickshanks, Jean,
Relator term illustrator.
942 ## - ADDED ENTRY ELEMENTS (KOHA)
Source of classification or shelving scheme Dewey Decimal Classification
Koha item type Book
Holdings
Withdrawn Not for loan Current library Shelving location Date acquired Total Checkouts Full call number Barcode Date last seen Koha item type
  Not For Loan Perpustakaan Jitra Koleksi Asmah Haji Omar 14/04/2022   KAO 398 KIN KAO000734 14/04/2022 Book